| 000 | 01517nam a2200289 4500 | ||
|---|---|---|---|
| 001 | 113451 | ||
| 003 | DR-UNIBE | ||
| 005 | 20250415091512.0 | ||
| 008 | 250414b2000 nq ||||| |||| 00| 0 spa d | ||
| 020 | _a9992400323 | ||
| 040 |
_aBIBLIOTECA UNIBE _bspa _cBIBLIOTECA UNIBE _erda |
||
| 041 | _aspa | ||
| 082 |
_222 _a347.01 C448c |
||
| 100 | 1 | 0 |
_a Chamorro Mora, Rafael _9194246 _eautor _ediseñador de portada |
| 245 | 1 | 3 |
_aLa Corte de Justicia de la Comunidad Centroamericana / _cRafael Chamorro Mora; prólogo: Orlando Tejeros Somarriba; diagramación y diseño de portada; Irina O. Svorzova; foto portada: Rodrigo González Chamorro |
| 250 | _aPrimera edición | ||
| 260 |
_aManagua : _bRafael Chamorro Mora, _c2000 |
||
| 300 |
_a200 páginas : _c20 x 13 cm |
||
| 500 | _aInformación del autor en las solapas, palabras de Rubén Darío en la contraportada | ||
| 505 | _aPrólogo | Capítulo I. Introducción | Capítulo II. Antecedentes | Capítulo III. Base jurídica | Capítulo IV. Atribuciones y organización | Capítulo V. Competencias de la Corte | Capítulo VI. Otras competencias | Capítulo VII. Conclusiones | Apéndice | Índice | ||
| 650 | 7 |
_2lemb _aTribunales internacionales |
|
| 650 | 7 |
_aCorte de Justicia Centroamericana _xOrganización _9194252 |
|
| 700 | 1 | 0 |
_aTejeros Somarriba, Orlando _9194248 _eprologuista |
| 700 | 1 | 0 |
_aSvorzova, Irina A. _9194249 _ediseñador de portada _ediagramador |
| 700 | 1 | 0 |
_aGonzález Chamorro, Rodrigo _9194250 _efotógrafo de portada |
| 942 |
_2ddc _cBK |
||
| 999 |
_c113451 _d113451 |
||